| 000 | 00717nam a22002297a 4500 | ||
|---|---|---|---|
| 999 |
_c13166 _d13166 |
||
| 003 | AR-CdUCM | ||
| 008 | 190411b ||||| |||| 00| 0 spa d | ||
| 020 | _a978-607-16-4127-4 | ||
| 040 |
_aMUNICIPALIDAD PROVINCIAL DEL CUSCO _cBIBLIOTECA MUNICIPAL DEL CUSCO |
||
| 082 |
_aEP / 808.068 / _bM96 |
||
| 100 |
_aMuñoz Ledo, Norma _925883 |
||
| 245 | _aBestiario de seres fantásticos Mexicanos / | ||
| 260 |
_aMéxico : _bFondo de cultura económica, _c2016. |
||
| 300 | _c27 cm. | ||
| 500 | _aTexto sin numeración. | ||
| 505 | _aContenido :Cuentos mexicanos. | ||
| 650 |
_aCuentos _9217 |
||
| 650 |
_aHistorietas _910786 |
||
| 700 |
_aBarron, Israel _931392 |
||
| 942 |
_2ddc _cLIBROS |
||
| 945 |
_arum _d2019-04-11 |
||